=LDR 00000nam 2200000 4500 =001 INLIS000000000005692 =005 20251021105200 =035 ##$$a 0010-1025000747 =007 ta =008 251021###########################0#ind## =082 ##$$a 362.83 =084 ##$$a 362.83 ROH u =100 #$$a Rohidas =245 1#$$a Upaya Mewujudkan Keluarga Sejahtera Melalui Kemitraan : $b - /$c Rohidas ; Badan Koordinasi Keluarga Berencana Nasional =260 ##$$a Riau :$b Badan Koordinasi Keluarga Berencana Nasional =300 ##$$a 3 hal : $b - ; $c 21 cm =650 #4$$a Keluarga Berencana =710 #$$a Badan Koordinasi Keluarga Berencana Nasional =856 ##$$a Perpustakaan Kemendukbangga